| 000 | 00680nam a22002657a 4500 | ||
|---|---|---|---|
| 003 | UA-OsUOA | ||
| 001 | 23689 | ||
| 007 | ta | ||
| 008 | 20040127b un ||||| |||| 00| 0 ukr d | ||
| 100 | _aКузнецов В.Г. | ||
| 700 | _aНерушева Л.Г. | ||
| 090 |
_a008(470+571)(091) _bК89 |
||
| 942 | _cBK | ||
| 040 |
_aUA-OsUOA _brus _cUA-OsUOA _dUA-OsUOA |
||
| 245 | _aВселенная Россия: истины и мнимости | ||
| 300 | _a340 с. | ||
| 955 | _a0 | ||
| 041 | _arus | ||
| 080 | _a008(470+571)(091) | ||
| 020 | _a966-7811-00-Х | ||
| 260 |
_aВинница _bЧП Усатюк _c2000 |
||
| 044 | _aUA | ||
| 650 | 7 | _2UDC | |
| 999 |
_c309944 _d309944 |
||